| 000 | 00406nam a2200157Ia 4500 | ||
|---|---|---|---|
| 008 | 230312s9999||||xx |||||||||||||| ||und|| | ||
| 020 | _a93-5014-046-8 | ||
| 082 |
_a621.317 _bSHA-A |
||
| 100 | _aSharma;Sanjay | ||
| 245 | 0 | _aAnalog and Digital Electronics | |
| 260 |
_bKatson Books _aIndia _c2010 |
||
| 300 | _a546 | ||
| 546 | _aEng. | ||
| 650 |
_aEngineering _vAnalog and Digital Electronics |
||
| 942 | _cBK | ||
| 999 |
_c8594 _d8594 |
||